000 00290nam a22001337a 4500
008 180209b xxu||||| |||| 00| 0 eng d
020 _a9780136917182
041 _aeng
080 _a821
100 _a21
101 _aGJL
245 _aPrentice Hall Literature
_cCopper
942 _2udc
_cBK
999 _c42239
_d42239